000 00748nam a2200241 a 4500
001 544
003 BR-CuiBMT
005 20231116192330.0
008 231109b 2006spba 000 0 por d
020 _a8576741709
040 _aBR-CuiBMT
_cBR-CuiBMT
080 _22007
_a35.078.3
090 _a35.078.3
_bG948c
100 1 _aGuidugli, João Henrique
245 1 0 _aControle externo contratual :
_bo desenvolvimento da empresa e os grupos de contratos sob o direito societário /
_cJoão Henrique Guidugli.
260 _aSão Paulo :
_bQuartier Latin,
_c2006.
300 _a207 p. :
_bil. ;
_c21 cm
504 _aInclui bibliografia.
650 _aSociedades por ações
_zBrasil
650 _aAcionistas
_zBrasil
830 _v2
942 _2udc
_cLV
999 _c544
_d544